Lysias

Saved in:
Bibliographic Details
Other Authors: Lamb, W. R. M. (Walter Rangeley Maitland), 1882-1961 (Translator)
Format: Book
Language:English
Ancient Greek
Published: London : Harvard University Press, 1988.
Series:Loeb classical library ; 244
Subjects:
Tags: Add Tag
No Tags, Be the first to tag this record!

MARC

LEADER 00000cam a2200000 i 4500
001 1/22066
008 960710s1988 mau| ||| |||| ||eng||
020 |a 0674992695 
035 |l 10021830 
040 |a GR-MyUa  |b gre  |e AACR2 
041 1 |a eng  |a grc 
082 7 |a 885.5   |2 (22) 
245 1 0 |a Lysias /   |c μετάφραση: W.R.M. Lamb. 
260 |a London :   |b Harvard University Press,   |c 1988. 
300 |a 708 σ. ;   |c 17 εκ. 
490 1 |a (Loeb classical library ;   |v 244) 
500 |a Περιλαμβάνει ευρετήριο. 
600 0 0 |a Λυσίας,   |d π. 450-π. 370. 
650 0 0 |a Speeches, addresses, etc., Greek. 
650 0 0 |a Orators  |z Greece  |z Athens  |x Biography. 
700 1 |a Lamb, W. R. M.   |q (Walter Rangeley Maitland),   |d 1882-1961,  |e trl 
830 0 |a Loeb classical library ;  |v 244 
852 |a INST  |b CHIOS  |e 19960710  |h 885.5 LYS  |p 005200007275  |q 005200007275  |t BK  |y 0 
922 |a 2ΕΛΗ  |b 199311  |c ΦΡΑΓΚΟΜΙΧΑΛΟΣ  |d LEADER BOOKS